000 00790nam a2200205 a 4500
003 0
005 20250227132847.0
008 100824s19uu xx 00 eng d
050 _aPGS LB 2822.75
_b.C545 2010
100 _aChoi, Jeong Pil.
245 _aThe feedback of SISC parents on institutional survey /
_cJeong Pil Choi.
260 _aLas PiƱas City, Philippines :
_bSouthville International School and Colleges,
_c2010.
300 _a23 pages :
_billustrations ;
_c28 cm.
504 _aIncludes bibliographical references.
650 _aEducational evaluation
_vParental perspectives.
650 _aParent participation in education
_zPhilippines.
650 _aMulticultural education
_vParental attitudes.
650 _aSchool administration
_vEvaluation.
942 _2lcc
_cPASS
999 _c98380
_d98380